000 00789nam a2200265Ia 4500
003 OSt
005 20220926000902.0
006 a|||||r|||| 00| 0
007 ta
008 220923b |||||||| |||| 00| 0 eng d
020 _a0470806214
_c3050.05
037 _b1318, 14/07/2006,
_cGeneral Book
040 _aRTL
_cRTL
_beng
041 _2eng
_aeng
082 _aX:89F.1.P, P6
100 _aSATHYE Milind
_9303159
245 0 _aInternational financial management
260 _a New Delhi
_bJohn Wiley
_c2006
300 _axxiv, 495p
_ccm.
500 _aBib chapterwise; Glossary p476-83
650 _a Managerial Accounting
_9241549
650 _aCommerce
942 _hX:89F.1.P, P6
_cGB
_2CC
999 _c599965
_d599965